Voto particular presentado por don Juan García de Torres al Dictamen de la Junta creada por Real Decreto de 1º de enero de 1879 para proponer reformas en la venta de tabacos. (Record no. 68474)
[ view plain ]
| 000 -LEADER | |
|---|---|
| campo de control de longitud fija | 00556nam a2200157 i 4500 |
| 001 - NÚMERO DE CONTROL | |
| campo de control | 68474 |
| 003 - IDENTIFICADOR DE NÚMERO DE CONTROL | |
| campo de control | ES-MaACL |
| 005 - FECHA Y HORA DE LA ÚLTIMA TRANSACCIÓN | |
| campo de control | 20230906170307.0 |
| 007 - CAMPO FIJO DE DESCRIPCIÓN FÍSICA--INFORMACIÓN GENERAL | |
| campo de control de longitud fija | t| |
| 008 - DATOS DE LONGITUD FIJA--INFORMACIÓN GENERAL | |
| campo de control de longitud fija | 040629s1879 sp ||||1| spa d |
| 100 1# - ENTRADA PRINCIPAL--NOMBRE DE PERSONA | |
| Nombre de persona | García de Torres, Juan. |
| 9 (RLIN) | 54497 |
| 245 10 - MENCIÓN DEL TÍTULO | |
| Título | Voto particular presentado por don Juan García de Torres al Dictamen de la Junta creada por Real Decreto de 1º de enero de 1879 para proponer reformas en la venta de tabacos. |
| 260 ## - PUBLICACIÓN, DISTRIBUCIÓN, ETC. | |
| Lugar de publicación, distribución, etc. | Madrid : |
| Nombre del editor, distribuidor, etc. | [s.n.], |
| Fecha de publicación, distribución, etc. | 1879. |
| 650 #4 - PUNTO DE ACCESO ADICIONAL DE MATERIA--TÉRMINO DE MATERIA | |
| Término de materia o nombre geográfico como elemento de entrada | Estanco del tabaco. |
| 9 (RLIN) | 150129 |
| 852 ## - LOCALIZACIÓN | |
| Ubicación | ES-MaACL |
| Número de control de estantería | T-1287-F-3 |
| Estatus retirado | Estado de pérdida | Estado de daño | No para préstamo | Colección | Biblioteca de origen | Biblioteca actual | Ubicación en estantería | Fecha de adquisición | Fuente de adquisición | Total de préstamos | Signatura topográfica completa | Código de barras | Visto por última vez | Precio de reemplazo | Tipo de ítem Koha |
|---|---|---|---|---|---|---|---|---|---|---|---|---|---|---|---|
| Colección de folletos | Biblioteca del Ateneo de Madrid | Biblioteca del Ateneo de Madrid | Depósito folletos | 17/01/2008 | T-1287-F-3 | 1071682 | 23/02/2023 | 23/02/2023 | Folleto |
